'Ever' So Clever Quiz Stats

 Plays Quiz Updated Nov 21, 2015

Challenge
Share
Tweet
Embed
Score 0/25 Timer 05:00
0 Plays Today
% Correct
Beverage
96.7%
Fever
96.6%
Thievery
96.6%
Retriever
96.5%
Several
96%
Wherever
95.6%
Everything
95.6%
Everglades
95.5%
Whenever
95.3%
Everlasting
95.2%
Achiever
95.1%
Reverend
95.1%
Perseverance
94.5%
% Correct
Clever
94.1%
Revert
93.9%
Sever
93.6%
Irreversible
92.9%
Reverberate
92.9%
Lever
92.6%
However
91.9%
Preverbal
91.5%
Irreverent
90.6%
Revere
90%
Nevermore
86.6%
Eversion
81.6%

You're not logged in!

Compare scores with friends on all Sporcle quizzes.
OR
Log In

You Might Also Like...

Show Comments

Extras

Top Quizzes Today


Score Distribution

Your Account Isn't Verified!

In order to create a playlist on Sporcle, you need to verify the email address you used during registration. Go to your Sporcle Settings to finish the process.

Report this User

Report this user for behavior that violates our Community Guidelines.

Details: